000 00612nam a22002057a 4500
999 _c9962
_d9962
003 AR-CdUCM
008 190328b ||||| |||| 00| 0 spa d
040 _aMUNICIPALIDAD PROVINCIAL DEL CUSCO
_cBIBLIOTECA MUNICIPAL DEL CUSCO
082 _a869.554 /
_bP26
100 _aPardo y Aliaga, Felipe
_926521
245 _aLa nariz /
260 _aLima :
_bP.L. Villanueva
_c1957.
300 _a32 paginas ;
_c25 cm.
500 _aDonación familia Nieto.
505 _aContenido :La nariz.
650 _aPoesías peruanas
_91481
650 _aPoesías del siglo XIX.
_926522
942 _2ddc
_cLIBROS
945 _arum